00815nam a2200265 4500001000800000005001700008007000400025008000400029010001700033020002200050020002200072040001900094050002300113060001500136082001400151245005400165260004300219300003900262504004100301650002600342650004000368650002300408700002900431856008900460333388620150305103554.0000000 a 85029926  a0849357756 (v. 1) z0849357764 (v. 2) aUOELcDLCdDLC00aRA1211b.T234 1986 aQZ 59 T18500a615.921900aTarget organ toxicity /ceditor, Gerald M. Cohen. aBoca Raton, Fla. :bCRC Press,cc1986. a2 v. :bill. (some col.) ;c26 cm. aIncludes bibliographies and indexes. 0aToxicology.xMedicine 2aEnvironmental Pollutantsxtoxicity. 2aOrgan Specificity.1 aCohen, Gerald M.,d1945-423Publisher descriptionuhttp://www.loc.gov/catdir/enhancements/fy0744/85029926-d.html